Australia or New Zealand? - Statistics

General Stats
  • This quiz has been taken 112 times
    68 since last reset
  • The average score is 9 of 15
Answer Stats
Question Answer % Correct
The All Blacks are a rugby team to which country? New Zealand
87%
Which country has a hill named Taumatawhakatangihangakoauauo tamateaturipukakapikimaungahoronuku pokaiwhenuakitanatahu which is the longest place name in the world? New Zealand
87%
Edmund Barton was the first Prime Minister to which country? Australia
73%
Which of the two have a popular actor named Hugh Jackman? Australia
73%
Kiwifruit is the national fruit of which country? New Zealand
73%
Which country has 600 islands? New Zealand
73%
Aborigines are the indigenous people from which country? Australia
67%
The pavlova officially belongs to which country? New Zealand
67%
Which country's national anthem has these lyrics in it? 'We've golden soil and wealth for toil' Australia
60%
There are 6 stars on which of the two countries flags? Australia
60%
The Beehive is which country's parliament building? New Zealand
60%
Queenstown is a city in which country? New Zealand
60%
Edmund Hillary- the first person to climb Mount Everest -is from which country? New Zealand
53%
Which has won the Rugby World Cup twice? Australia
27%
Which of the two invented jandals / thongs / flip-flops? New Zealand
27%
No matching quizzes found
Score Distribution
Percent of People with Each Score
Percentile by Number Answered
Your Score History
You have not taken this quiz since the last reset